Roald Dahl Books by Cover Quiz Stats

 Plays Quiz Updated Mar 23, 2015

Challenge
Share
Tweet
Score 0/16 Timer 06:00
7 Plays Today
Number Book % Correct
Matilda
91.9%
The BFG
91.5%
Charlie and the Chocolate Factory
90.9%
The Witches
74.9%
Fantastic Mr. Fox
74.2%
James and the Giant Peach
73%
The Twits
61%
George's Marvellous Medicine
50.2%
Number Book % Correct
Danny, the Champion of the World
45.1%
The Enormous Crocodile
37.3%
The Magic Finger
35.5%
Esio Trot
34.9%
The Giraffe and the Pelly and Me
34.2%
Charlie and the Great Glass Elevator
28.2%
Revolting Rhymes
21.7%
The Minpins
16.6%

You're not logged in!

Compare scores with friends on all Sporcle quizzes.
Join for Free
OR
Log In

You Might Also Like...

Show Comments

Extras

Top Quizzes Today


Score Distribution

Your Account Isn't Verified!

In order to create a playlist on Sporcle, you need to verify the email address you used during registration. Go to your Sporcle Settings to finish the process.

Report this User

Report this user for behavior that violates our Community Guidelines.

Details: